000 00582nam a22002057a 4500
010 _aB-089668
020 _a007044515
035 _aB-089668
037 _bCen Lib / Ret
040 _aDPL
_bEn
082 _a005
_bNAR
100 _aNarasimhan, Jaya
245 _aLearning with computers 1 /
_cby Jaya Narasimhan
260 _aNew Delhi
_bTata McGraw-Hill Publishing Co
_c2002
270 _aTata McGraw-Hill Publishing Co
_bNew Delhi
300 _a96p ;
_c27cm(Hb)
650 _aCompuer science
650 _aBasic computer
942 _2ddc
_cEN
_h005
_mNAR
999 _c137175
_d137175